| Tag |
First Indicator |
Second Indicator |
Subfields |
| LEADER |
00000cam a2200000 4500 |
| 001 |
in00000036344 |
| 005 |
20151007060832.0 |
| 008 |
750724s1956 nyua 00000 eng u |
| 010 |
|
|
|a 56011888
|
| 035 |
|
|
|a (OCoLC)01474860
|
| 035 |
|
|
|9 AAD0332AM
|
| 040 |
|
|
|c JPL
|d TXA
|d UtOrBLW
|
| 049 |
|
|
|a TXAM
|c [272761]
|
| 050 |
0 |
0 |
|a NC1426
|b .L358
|
| 082 |
0 |
|
|a 741.5
|
| 092 |
|
|
|a 741.5
|b L323yo
|
| 100 |
1 |
|
|a Lariar, Lawrence,
|d 1908-1981.
|
| 245 |
1 |
0 |
|a You've got me on the rocks ;
|b a comic cocktail of the funniest cartoons about drinks and drinking /
|c by the foremost comic artists.
|
| 264 |
|
1 |
|a New York :
|b Dodd, Mead,
|c [1956]
|
| 300 |
|
|
|a unpaged :
|b illustrations ;
|c 29 cm.
|
| 336 |
|
|
|a text
|b txt
|2 rdacontent
|
| 337 |
|
|
|a unmediated
|b n
|2 rdamedia
|
| 338 |
|
|
|a sheet
|b nb
|2 rdacarrier
|
| 650 |
|
0 |
|a American wit and humor, Pictorial.
|
| 999 |
|
|
|a MARS
|
| 999 |
f |
f |
|s 042d1f24-3265-36dc-ba5e-07aa6a4095f7
|i dde45ed7-356f-3e06-a27f-33daac9199cd
|t 0
|
| 952 |
f |
f |
|p normal
|a Texas A&M University
|b College Station
|c Sterling C. Evans Library
|d Evans: Library Stacks
|t 0
|e NC1426 .L358
|h Library of Congress classification
|i unmediated -- sheet
|m A14801148646
|
| 998 |
f |
f |
|a NC1426 .L358
|t 0
|l Evans: Library Stacks
|